<?xml version="1.0" encoding="UTF-8"?><?xml-stylesheet type="text/xsl" href="static/style.xsl"?><OAI-PMH xmlns="http://www.openarchives.org/OAI/2.0/" xmlns:xsi="http://www.w3.org/2001/XMLSchema-instance" xsi:schemaLocation="http://www.openarchives.org/OAI/2.0/ http://www.openarchives.org/OAI/2.0/OAI-PMH.xsd"><responseDate>2026-04-17T20:26:26Z</responseDate><request verb="GetRecord" identifier="oai:www.recercat.cat:11351/10920" metadataPrefix="marc">https://recercat.cat/oai/request</request><GetRecord><record><header><identifier>oai:recercat.cat:11351/10920</identifier><datestamp>2025-10-24T10:39:37Z</datestamp><setSpec>com_2072_378070</setSpec><setSpec>com_2072_378040</setSpec><setSpec>col_2072_378092</setSpec></header><metadata><record xmlns="http://www.loc.gov/MARC21/slim" xmlns:dcterms="http://purl.org/dc/terms/" xmlns:xsi="http://www.w3.org/2001/XMLSchema-instance" xmlns:doc="http://www.lyncode.com/xoai" xsi:schemaLocation="http://www.loc.gov/MARC21/slim http://www.loc.gov/standards/marcxml/schema/MARC21slim.xsd">
   <leader>00925njm 22002777a 4500</leader>
   <datafield ind2=" " ind1=" " tag="042">
      <subfield code="a">dc</subfield>
   </datafield>
   <datafield ind2=" " ind1=" " tag="720">
      <subfield code="a">Jiménez Gómez, N.</subfield>
      <subfield code="e">author</subfield>
   </datafield>
   <datafield ind2=" " ind1=" " tag="720">
      <subfield code="a">González-Cantero, Á.</subfield>
      <subfield code="e">author</subfield>
   </datafield>
   <datafield ind2=" " ind1=" " tag="720">
      <subfield code="a">Ruiz-Villaverde, Ricardo</subfield>
      <subfield code="e">author</subfield>
   </datafield>
   <datafield ind2=" " ind1=" " tag="720">
      <subfield code="a">Llamas-Velasco, Mar</subfield>
      <subfield code="e">author</subfield>
   </datafield>
   <datafield ind2=" " ind1=" " tag="720">
      <subfield code="a">de la Cueva Dobao, P.</subfield>
      <subfield code="e">author</subfield>
   </datafield>
   <datafield ind2=" " ind1=" " tag="720">
      <subfield code="a">Rivera Díaz, R.</subfield>
      <subfield code="e">author</subfield>
   </datafield>
   <datafield ind2=" " ind1=" " tag="720">
      <subfield code="a">Mollet Sanchez, Jordi</subfield>
      <subfield code="e">author</subfield>
   </datafield>
   <datafield ind2=" " ind1=" " tag="260">
      <subfield code="c">2024-01-29T08:02:07Z</subfield>
   </datafield>
   <datafield ind2=" " ind1=" " tag="260">
      <subfield code="c">2024-01-29T08:02:07Z</subfield>
   </datafield>
   <datafield ind2=" " ind1=" " tag="260">
      <subfield code="c">2024-01</subfield>
   </datafield>
   <datafield ind2=" " ind1=" " tag="520">
      <subfield code="a">Psoriasis; Salud reproductiva; Planificación familiar</subfield>
   </datafield>
   <datafield ind2=" " ind1=" " tag="520">
      <subfield code="a">Psoriasi; Salut reproductiva; Planificació familiar</subfield>
   </datafield>
   <datafield ind2=" " ind1=" " tag="520">
      <subfield code="a">Psoriasis; Reproductive health; Family planning</subfield>
   </datafield>
   <datafield ind2=" " ind1=" " tag="520">
      <subfield code="a">Antecedentes y objetivos&#xd;
La psoriasis afecta a un gran porcentaje de mujeres en edad fértil. Nuestro objetivo fue conocer las inquietudes de las mujeres con psoriasis en relación con la planificación familiar.&#xd;
Material y métodos&#xd;
Estudio observacional, descriptivo, transversal y multicéntrico realizado entre marzo del 2020 y octubre del 2021. Se recabaron datos sociodemográficos e inquietudes relacionadas con la planificación familiar de mujeres entre 18-45 años con psoriasis en placas y candidatas a recibir tratamiento sistémico.&#xd;
Resultados&#xd;
Se reclutaron 153 pacientes de 11 centros españoles (edad media: 35,4 ± 8 años, duración media de la enfermedad: 16,7 años); 38,4% de los casos tenían una enfermedad moderada/grave para los médicos, aunque la percepción de la actividad era significativamente superior para las pacientes. En una de cada tres mujeres, la enfermedad limitaba o retrasaba el deseo gestacional. Existía preocupación de que la enfermedad empeorara al tener que retirar o cambiar un fármaco o que los tratamientos perjudicaran al bebé. Alrededor de la mitad de las pacientes no había recibido información sobre planificación familiar en la consulta, especialmente aquellas mujeres sin embarazos previos. Las mujeres con tratamiento biológico (58,7%) tenían mejor situación clínica, mejor calidad de vida y menos alteraciones en la esfera sexual que las pacientes sin tratamiento biológico.&#xd;
Conclusiones&#xd;
Las pacientes con psoriasis tienen numerosas preocupaciones relacionadas con la planificación familiar. En algunos casos, estos miedos podrían llevar a retrasar y/o limitar el deseo gestacional. Sería necesario incrementar la información que se da a las pacientes y mejorar la formación de los dermatólogos en este tema.</subfield>
   </datafield>
   <datafield ind2=" " ind1=" " tag="520">
      <subfield code="a">Background and objective&#xd;
A significant proportion of women of childbearing age have psoriasis. The aim of this study was to examine family planning concerns in this population.&#xd;
Material and methods&#xd;
Observational, descriptive, cross-sectional, multicenter study conducted between March 2020 and October 2021. We collected sociodemographic data and analyzed responses to a family planning questionnaire administered to women aged 18 to 45 years with plaque psoriasis who were candidates for systemic treatment.&#xd;
Results&#xd;
We studied 153 patients (mean [SD] age, 35.4 [8.0] years; mean disease duration, 16.7 years) being treated at 11 Spanish hospitals. Overall, 38.4% of women were considered to have moderate to severe psoriasis by their physicians; perceived severity ratings were significantly higher among women. Psoriasis affected the women's desire to become pregnant or led to their delaying pregnancy in 1 in 3 respondents. They were concerned that their condition might worsen if they had to discontinue or switch treatment or that the treatment might harm the baby. Approximately half of the women had not received family planning counseling from their physicians, and this was more likely to be the case among never-pregnant women. Women on biologic therapy (58.7%) had better psoriasis control and a better quality of life than women on other treatments. Their sexual health was also less affected.&#xd;
Conclusions&#xd;
Women with psoriasis have numerous family planning concerns, which in some cases can lead them to delay pregnancy or affect their desire to become pregnant. Dermatologists need to receive better training regarding family planning in women with psoriasis so that they can provide their patients with more and better information.</subfield>
   </datafield>
   <datafield ind2=" " ind1=" " tag="520">
      <subfield code="a">Este estudio estuvo financiado con una beca sin restricciones de la Cátedra Universidad Francisco de Vitoria-UCB en Inflamación y Salud Ósea.</subfield>
   </datafield>
   <datafield ind1="8" ind2=" " tag="024">
      <subfield code="a">http://hdl.handle.net/11351/10920</subfield>
   </datafield>
   <datafield tag="653" ind2=" " ind1=" ">
      <subfield code="a">Embaràs</subfield>
   </datafield>
   <datafield tag="653" ind2=" " ind1=" ">
      <subfield code="a">Psoriasi</subfield>
   </datafield>
   <datafield tag="653" ind2=" " ind1=" ">
      <subfield code="a">Planificació familiar</subfield>
   </datafield>
   <datafield tag="653" ind2=" " ind1=" ">
      <subfield code="a">DISEASES::Skin and Connective Tissue Diseases::Skin Diseases::Skin Diseases, Papulosquamous::Psoriasis</subfield>
   </datafield>
   <datafield tag="653" ind2=" " ind1=" ">
      <subfield code="a">HEALTH CARE::Health Care Facilities, Manpower, and Services::Health Services::Community Health Services::Family Planning Services</subfield>
   </datafield>
   <datafield tag="653" ind2=" " ind1=" ">
      <subfield code="a">PHENOMENA AND PROCESSES::Reproductive and Urinary Physiological Phenomena::Reproductive Physiological Phenomena::Reproduction::Pregnancy</subfield>
   </datafield>
   <datafield tag="653" ind2=" " ind1=" ">
      <subfield code="a">ENFERMEDADES::enfermedades de la piel y tejido conjuntivo::enfermedades de la piel::enfermedades cutáneas papuloescamosas::psoriasis</subfield>
   </datafield>
   <datafield tag="653" ind2=" " ind1=" ">
      <subfield code="a">ATENCIÓN DE SALUD::instalaciones, servicios y personal de asistencia sanitaria::servicios de salud::Servicios de Salud Comunitaria::servicios de planificación familiar</subfield>
   </datafield>
   <datafield tag="653" ind2=" " ind1=" ">
      <subfield code="a">FENÓMENOS Y PROCESOS::fenómenos fisiológicos reproductivos y urinarios::fenómenos fisiológicos de la reproducción::reproducción::embarazo</subfield>
   </datafield>
   <datafield ind2="0" ind1="0" tag="245">
      <subfield code="a">Percepción de la mujer con psoriasis en la planificación familiar: Estudio descriptivo, transversal y multicéntrico</subfield>
   </datafield>
   <datafield ind2="0" ind1="0" tag="245">
      <subfield code="a">Family Planning Concerns Among Women With Psoriasis: A Descriptive, Cross-Sectional, Multicenter Study</subfield>
   </datafield>
</record></metadata></record></GetRecord></OAI-PMH>